| 000 | 00833nas a2200265 4500 | ||
|---|---|---|---|
| 001 | BR0800139 | ||
| 003 | BR-BrBNA | ||
| 005 | 20231205111420.0 | ||
| 007 | ta | ||
| 008 | 230509b bl.|||p| |||| 00| 00por d | ||
| 040 |
_aBR-BrBNA _bpor _cBiblioteca Nacional de Agricultura |
||
| 041 | _a(Pt) | ||
| 072 | _aL72; L40 | ||
| 100 | 1 | _aPaulsen, R.M.M. | |
| 100 | 1 | _aBrum, J.G.W. | |
| 245 | 1 | _aNematóide parasitos de ratão-do-banhado (Myocastor Coypus)em área de exploração agropecuária de Rio Grande, RS | |
| 650 | _aRATÃO-DO-BANHADO | ||
| 650 | _aPARASITO | ||
| 650 | _aHELMINTO | ||
| 650 | _aINTESTINO | ||
| 650 | _aRIO GRANDE | ||
| 773 | 0 |
_tArquivos do Instituto Biológico (Brazil) _xISSN 0020-3653 _g(Jul-Dec 1999), v. 66(2) p. 15-20 _wBR0800139 |
|
| 909 |
_a202311 _bLúcia _c55 _dLúcia Elande |
||
| 942 |
_2AGRIS _n0 _cANA |
||
| 999 |
_c192597 _d192597 |
||